书目信息 |
| 题名: |
富爸爸投资指南
|
|
| 作者: | 清崎 , Kiyosaki , 莱希特 , Lechter 著 ;王丽洁 译 | |
| 分册: | ||
| 出版信息: | 北京 世界图书出版公司北京公司 2001 |
|
| 页数: | 455页 | |
| 开本: | 23cm | |
| 丛书名: | 世图财商系列 | |
| 单 册: | ||
| 中图分类: | F063.4 | |
| 科图分类: | ||
| 主题词: | 家庭--私人投资--普及读物 , 家庭 , 私人投资 , 经济学--分支科学 | |
| 电子资源: | ||
| ISBN: | 7-5062-4277-X | |
| 000 | 01358oam2 2200373 450 | |
| 001 | 1261482078 | |
| 005 | 20121003170530.92 | |
| 010 | @a7-5062-4277-X@dCNY39.80 | |
| 100 | @a20010713d2001 em y0chiy0110 ea | |
| 101 | 1 | @achi@ceng |
| 102 | @aCN@b110000 | |
| 105 | @ay z 000yy | |
| 200 | 1 | @a富爸爸投资指南@Afu ba ba tou zi zhi nan@f(美)罗伯特·T.清崎(Robert T.Kiyosaki),(美)莎伦·L.莱希特(Sharon L.Lechter)著@g王丽洁等译 |
| 210 | @a北京@c世界图书出版公司北京公司@d2001 | |
| 215 | @a455页@d23cm | |
| 225 | 2 | @a世图财商系列@i富爸爸丛书 |
| 314 | @a罗伯特·T.清崎(Robert T.Kiyosaki),投资家、作家,合著有《富爸爸、穷爸爸》等。 | |
| 314 | @a莎伦·L.莱希特(女,Sharon L.Lechter),企业家、美国注册会计师,合著有《富爸爸财务自由之路》等。 | |
| 330 | @a本书结合作者的创业及投资经历更为详尽地阐述了富爸爸的财务思想和投资理念。 | |
| 461 | 0 | @12001 @a世图财商系列 |
| 462 | 0 | @12001 @a富爸爸丛书 |
| 510 | 1 | @aRich Dad's Guide to Investing@zeng |
| 606 | 0 | @a家庭@x私人投资@j普及读物 |
| 606 | 0 | @a家庭 |
| 606 | 0 | @a私人投资 |
| 606 | 0 | @a经济学@x分支科学 |
| 690 | @aF063.4@v4 | |
| 701 | 1 | @a清崎@Aqing qi@bR.T.@4著 |
| 701 | 1 | @aKiyosaki@bRobert T.@4著 |
| 701 | 1 | @a莱希特@Alai xi te@bS.L.@4著 |
| 701 | 1 | @aLechter@bSharon L.@4著 |
| 702 | 0 | @a王丽洁@Awang li jie@4译 |
| 801 | 0 | @aCN@bNLC@c20101222 |
| 905 | @a10447@dF063.4@eJY113 | |
| 富爸爸投资指南/(美)罗伯特·T.清崎(Robert T.Kiyosaki),(美)莎伦·L.莱希特(Sharon L.Lechter)著/王丽洁等译.-北京:世界图书出版公司北京公司,2001 |
| 455页;23cm.-(世图财商系列.富爸爸丛书) |
| ISBN 7-5062-4277-X:CNY39.80 |
| 本书结合作者的创业及投资经历更为详尽地阐述了富爸爸的财务思想和投资理念。 |
| ● |
| 相关链接 |
|
|
|
|
正题名:富爸爸投资指南
索取号:F063.4/JY113
 
预约/预借
| 序号 | 登录号 | 条形码 | 馆藏地/架位号 | 状态 | 备注 |
| 1 | 7813337 | 278133379 | 学院路分馆/ [索取号:F063.4/JY113] | 在馆 | |
| 2 | 7813338 | 278133388 | 学院路分馆/ [索取号:F063.4/JY113] | 在馆 |